| 000 | 00432nam a2200181Ia 4500 | ||
|---|---|---|---|
| 003 | GCL | ||
| 040 |
_aGCL / _cGCL |
||
| 082 | 0 | 4 |
_a833 _bB M |
| 100 | 1 | _aBOLL, HEINRICH | |
| 245 | 1 | 0 |
_aMEISTERERZAHLUNGEN / _cBOLL, HEINRICH |
| 260 |
_a[S.N] : _bDIE EUROPAISHE BIDUNGSGEMEINSCHAFT |
||
| 300 | _a415 P | ||
| 650 | 0 | 4 | _aLITERATURE |
| 650 | 0 | 4 | _aFICTION |
| 650 | 0 | 4 | _aGERMAN FICTION |
| 650 | 0 | 4 | _aGERMAN LITERATURE |
| 942 |
_2ddc _cBK |
||
| 999 |
_c15612 _d15612 |
||